Animals picture quiz - English Club - Statistics

General Stats
  • This quiz has been taken 19 times
    11 since last reset
  • The average score is 10 of 18
Answer Stats
Picture Answer % Correct
DOG
89%
OWL
78%
TIGER
78%
ANT
67%
BEE
67%
CAT
67%
ELEPHANT
67%
FISH
67%
LADYBUG
67%
OCTOPUS
67%
PIG
67%
WORM
67%
ARMADILLO
56%
URCHIN
44%
YAK
44%
NEWT
22%
X-RAY FISH
11%
ZEBU
11%
No matching quizzes found
Score Distribution
Percent of People with Each Score
Percentile by Number Answered
Your Score History
You have not taken this quiz since the last reset